000 00731nam a2200217Ia 4500
001 11831
003 GE_BSU
008 181216s||||||||xx |||||||||||||| ||und||
040 _cGE_BSU
080 _a577.1(075.5)
100 _aალექსიძე,ნ.ვ.
245 _aბიოლოგიური ქიმიის პრაქტიკუმი
245 _cრედ.ვ.კვესიტაძე
260 _aთბილისი
260 _bთბილისის უნ–ტის გამ–ბა
260 _c1981
300 _a216გვ.20სმ.ილ.
653 _aბიოლოგიური ქიმიის პრაქტიკუმი
653 _aქიმია
942 _cBK
999 _c45010
_d45010